000 01290nam a2200349 a 4500
001 000114069
003 CHAP
005 20220329144425.0
008 171025s2016 mx a fsm |||||||spa d
010 _a110530
011 _a111502
040 _cCHAP
090 _aTesis
100 1 _aGándara Vázquez, Felipe Arturo.
_9133941
245 1 0 _aIrradiación gamma Co60 en semilla de planta mutante espontánea de soya en R1M4 /
_h[En línea]
_cpor Gándara Vázquez Felipe Alejandro.
260 _aChapingo, Méx. :
_bEl autor,
_c2016.
500 _aPara ver el contenido del material haga clic en la liga
502 _aTesis (Ing. Agrónomo) -- Colegio Superior Agropecuario del Estado de Guerrero
590 _aBATCH-UPD
_b05
_c20190905
_lUCH01
_h1235
590 _aE8697GMM
_b05
_c20171025
_lUCH01
_h1202
590 _aE8697GMM
_b05
_c20171025
_lUCH01
_h1209
590 _aE8697GMM
_b05
_c20171027
_lUCH01
_h0918
650 1 4 _aMutación en plantas.
_979907
650 1 4 _aRadiación
_xEfecto en semillas.
_993675
650 1 4 _aRayos gamma
_xEfectos fisiológicos.
_994860
650 1 4 _aSemillas
_xVigor.
_9103934
650 1 4 _aSoya
_xMejoramiento.
_9109069
856 _aFinding aid
_uhttp://10.13.5.2/tesis/sist114069.pdf
_zTeclea aquí
901 _aBK
942 _cTESIS
942 _n0
999 _c110530
_d110530